• 首页
  • 本馆介绍
  • 公告通知
  • 最新文献
  • 馆藏检索
  • 电子资源
  • 读者导购
  • 参考咨询
  • 我的图书馆
  • 登录
  • 详细信息显示
  • 放入我的书架
  • 预约/预借图书
  • 作者相关作品
  • 分类相关作品
  • 丛书相关作品
  • 出版社相关作品

书目信息

  • 表格格式
  • 工作单格式
  • 卡片格式
题名:
花的变化
    
 
作者: 温练昌 编著
分册:  
出版信息: 北京   人民美术出版社  1979
页数: 148页
开本: 19cm
丛书名:
单 册:
中图分类: J211.27
科图分类:
主题词: 花卉画-技法(美术) , 技法(美术)-花卉画
电子资源:
ISBN:
000 00622nam0 2200241 45
001 0179004846
005 20060420160358.09
010    @dCNY0.82
091    @a8027.6920
100    @a19950724d1979 em y0chiy0121 ea
101 0  @achi
102    @aCN@b110000
105    @aa z 000yy
106    @ar
200 10 @a花的变化@Ahua de bian hua@f温练昌编著
210    @a北京@c人民美术出版社@d1979
215    @a148页@c图@d19cm
606    @a花卉画-技法(美术)
606    @a技法(美术)-花卉画
690    @aJ211.27@v3
701  0 @a温练昌@Awen lian chang@4编著
801  0 @aCN@bNLC@c20060420
905    @f2@b56072-073@dJ211.27@e31
    
    花的变化/温练昌编著.-北京:人民美术出版社,1979
    148页:图;19cm
    
    
    ISBN :CNY0.82
    
●
相关链接 在E读中查询图书 在五车中查询图书 在当当中查询图书 在豆瓣中查询图书


正题名:花的变化     索取号:J211.27/31         预约/预借

序号 登录号 条形码 馆藏地/架位号 状态 备注
1 0056072   000792119   第一借阅区/ [索取号:J211.27/31] 在馆    
2 0056073   001214377   第一样本阅览室/ [索取号:J211.27/31] 在馆    
3 0056074   202276161   密集书库/ [索取号:J211.27/31] 在馆    
唐山师范学院图书馆 欢迎您!
大连网信软件有限公司© 版权所有